ადამიანის ანატომიის ატლასი / (ბიბ.ჩანაწერი № 56654)
[ მარტივი ფორმატი ]
| 000 -ლიდერი | |
|---|---|
| ფიქსირებული სიგრძის საკონტროლო ველი | 01553nam a2200217Ia 4500 |
| 001 - საკონტროლო ნომერი | |
| საკონტროლო ველი | 23776 |
| 003 - საკონტროლო ნომრის იდენტიფიკატორი | |
| საკონტროლო ველი | GE_BSU |
| 005 - ბოლო ოპერაციის თარიღი და დრო | |
| საკონტროლო ველი | 20241018160157.0 |
| 008 - ფიქსირებული სიგრძის მონაცემთა ელემენტები - ზოგადი ინფორმაცია | |
| ფიქსირებული სიგრძის საკონტროლო ველი | 181216s1993||||ge |||||||||||||| ||geo|| |
| 040 ## - კატალოგიზაციის წყარო | |
| Transcribing agency | GE_BSU |
| 041 ## - ენის კოდი | |
| Language code of text/sound track or separate title | geo |
| 080 ## - უნივერსალური ათობითი კლასიფიკაციის ინდექსი | |
| Universal Decimal Classification number | 611(084.4)ა-26 |
| 245 ## - ცნობა სათაურის შესახებ | |
| Title | ადამიანის ანატომიის ატლასი / |
| Statement of responsibility, etc | შემდგ. და რედ. ზურაბ კაციტაძე; მხატვ. ი.კალაძე |
| 264 ## - წარმოების, გამოცემის, დისტრიბუციის და სხვა ცნობები | |
| გამოცემის, წარმოების, დისტრიბუციის... ადგილი | თბილისი : |
| გამოცემის, წარმოების, დისტრიბუციის... სახელწოდება | მედიცინა, |
| გამოცემის, წარმოების, დისტრიბუციის... თარიღი | 1993. |
| 300 ## - ფიზიკური აღწერა | |
| Extent | 304 გვ. : |
| Other physical details | ილ.; |
| Dimensions | 26 სმ. |
| 500 ## - ზოგადი შენიშვნა | |
| General note | წინამდებარე ქართულენოვან ატლასს საფუძვლად დაედო შემდგენლის მიერ ადრე გამოცემული სახელმძღვანელოების ორიგინალური ფერადი ილუსტრაციები და სხვადასხვა ცნობილი ავტორების (ძირითადად ი. სინელნიკოვის, კიშ-სანტაგოტაის და ლეონგარტის) ატლასების მასალები. |
| 653 ## - INDEX TERM--UNCONTROLLED | |
| Uncontrolled term | ადამიანის ანატომია - ატლასები |
| 653 ## - INDEX TERM--UNCONTROLLED | |
| Uncontrolled term | მედიცინა |
| 700 ## - ADDED ENTRY--PERSONAL NAME | |
| Personal name | კაციტაძე, ზურაბ |
| Relator term | შემდგენელ რედაქტორი |
| 9 (RLIN) | 23446 |
| 942 ## - ADDED ENTRY ELEMENTS (KOHA) | |
| Koha item type | წიგნი |
| Source of classification or shelving scheme | |
| ჩამოწერის სტატუსი | დაკარგული ეგზემპლარის სტატუსი | კლასიფიკაციის წყარო ან თაროზე გაწყობის სქემა | დაზიანების სტატუსი | არ გაიცემა | მუდმივი მდებარეობა (დაცვის ადგილი) | ამჟამინდელი ადგილსამყოფელი | თაროზე განთავსების ადგილი | შეძენის თარიღი | ღირებულება, შესყიდვის ნორმალური ფასი | სრული შენახვის შიფრი | შტრიხკოდი | ბოლო ოპერაციის თარიღი | ეგზემპლარის მიმდევრობითი ნომერი (კეტერი?) | ფასის ძალაში შესვლის თარიღი | ეგზემპლარის სახეობა | საჯარო შენიშვნა |
|---|---|---|---|---|---|---|---|---|---|---|---|---|---|---|---|---|
| ბათუმის შოთა რუსთაველის სახელმწიფო უნივერსიტეტის მთავარი ბიბლიოთეკა | ბათუმის შოთა რუსთაველის სახელმწიფო უნივერსიტეტის მთავარი ბიბლიოთეკა | წიგნსაცავი | 2018-12-17 | 15.00 | 611(084.4)ა-26 | 28562 | 2018-12-17 | 28562 | 2018-12-17 | წიგნი | 15.00 | |||||
| ბათუმის შოთა რუსთაველის სახელმწიფო უნივერსიტეტის მთავარი ბიბლიოთეკა | ბათუმის შოთა რუსთაველის სახელმწიფო უნივერსიტეტის მთავარი ბიბლიოთეკა | წიგნსაცავი | 2018-12-17 | 15.00 | 611(084.4)ა-26 | 28557 | 2018-12-17 | 28557 | 2018-12-17 | წიგნი | 15.00 | |||||
| ბათუმის შოთა რუსთაველის სახელმწიფო უნივერსიტეტის მთავარი ბიბლიოთეკა | ბათუმის შოთა რუსთაველის სახელმწიფო უნივერსიტეტის მთავარი ბიბლიოთეკა | წიგნსაცავი | 2024-10-18 | 6.00 | 611(084.4)ა-26 | 69424 | 2024-10-18 | 69424 | 2024-10-18 | წიგნი | 6.00 | |||||
| ბათუმის შოთა რუსთაველის სახელმწიფო უნივერსიტეტის მთავარი ბიბლიოთეკა | ბათუმის შოთა რუსთაველის სახელმწიფო უნივერსიტეტის მთავარი ბიბლიოთეკა | წიგნსაცავი | 2024-10-18 | 6.00 | 611(084.4)ა-26 | 69425 | 2024-10-18 | 69425 | 2024-10-18 | წიგნი | 6.00 | |||||
| ბათუმის შოთა რუსთაველის სახელმწიფო უნივერსიტეტის მთავარი ბიბლიოთეკა | ბათუმის შოთა რუსთაველის სახელმწიფო უნივერსიტეტის მთავარი ბიბლიოთეკა | წიგნსაცავი | 2024-12-19 | 15.00 | 611(084.4)ა-26 | 70072 | 2024-12-19 | 70072 | 2024-12-19 | წიგნი | 15.00 | |||||
| ბათუმის შოთა რუსთაველის სახელმწიფო უნივერსიტეტის მთავარი ბიბლიოთეკა | ბათუმის შოთა რუსთაველის სახელმწიფო უნივერსიტეტის მთავარი ბიბლიოთეკა | წიგნსაცავი | 2025-03-11 | 15.00 | 611(084.4)ა-26 | 70817 | 2025-03-11 | 70817 | 2025-03-11 | წიგნი | 15.00 |
